• 首页
  • 本馆介绍
  • 公告通知
  • 最新文献
  • 馆藏检索
  • 电子资源
  • 读者导购
  • 参考咨询
  • 我的图书馆
  • 登录
  • 详细信息显示
  • 放入我的书架
  • 预约/预借图书
  • 作者相关作品
  • 分类相关作品
  • 丛书相关作品
  • 出版社相关作品

书目信息

  • 表格格式
  • 工作单格式
  • 卡片格式
题名:
德语学习词典
    
 
作者: 王潇 译
分册:  
出版信息: 北京   外语教学与研究出版社  2003
页数: 648页
开本: 21cm
丛书名:
单 册:
中图分类: H336
科图分类:
主题词: 德语--汉语--双解词典 , 德语 , 汉语 , 双解词典
电子资源:
ISBN: 7-5600-2631-1
000 00931nam0 2200265 450
001 002619007
005 20220930153548.00
010    @a7-5600-2631-1@dCNY32.90
100    @a20040402e20072003em y0chiy0110 ea
101 2  @achi@ager
102    @aCN@b110000
105    @ay e 000yy
200 1  @a德语学习词典@Ade yu xue xi ci dian@e德汉双解@Ede han shuang jie@f王潇等译@Fwang xiao deng yi
210    @a北京@c外语教学与研究出版社@d2003@h2007重印
215    @a648页@d21cm
330    @a本词典采用德国新的正字法,收录词目8000条,介绍了最基础的德语词汇的用法。书中对词目的解释简单易懂,并加以具体的例句解释说明词目的正确用法,其中400多条词目附有插图。
510 1  @aPons Basisworterbuch Deutsch als Fremdsprache@zger
606 0  @a德语@x汉语@j双解词典
606 0  @a德语
606 0  @a汉语
606 0  @a双解词典
690    @aH336@v4
701  0 @a王潇@Awang xiao@c(德语)@4译
801  0 @aCN@bNLC@c20070805
905    @dH336@e175@f3
    
    德语学习词典:德汉双解/王潇等译.-北京:外语教学与研究出版社,2003(2007重印)
    648页;21cm
    
    
    ISBN 7-5600-2631-1:CNY32.90
    本词典采用德国新的正字法,收录词目8000条,介绍了最基础的德语词汇的用法。书中对词目的解释简单易懂,并加以具体的例句解释说明词目的正确用法,其中400多条词目附有插图。
●
相关链接 在E读中查询图书 在五车中查询图书 在当当中查询图书 在豆瓣中查询图书


正题名:德语学习词典     索取号:H336/175         预约/预借

序号 登录号 条形码 馆藏地/架位号 状态 备注
1 0852120   208521205   第二样本阅览室/ [索取号:H336/175] 在馆    
2 0852121   208521214   密集书库/ [索取号:H336/175] 在馆    
3 0852122   208521223   工具书阅览室/ [索取号:H336/175] 在馆    
4 1056863   210568633   密集书库-文学院/ [索取号:H336/175] 在馆    
唐山师范学院图书馆 欢迎您!
大连网信软件有限公司© 版权所有